LEADER 00921nam0-2200313---450- 001 990009962480403321 005 20150506122957.0 010 $a978-88-13-30013-5 035 $a000996248 035 $aFED01000996248 035 $a(Aleph)000996248FED01 035 $a000996248 100 $a20150506d2014----km-y0itay50------ba 101 0 $aita 102 $aIT 105 $ay-------001yy 200 1 $aOfferta pubblica di acquisto$epoteri e responsabilitą degli amministratori$fCorrado D'Ambrosio 210 $a[Padova]$cCEDAM$d©2014 215 $aXI, 355 p.$d24 cm 225 1 $aImpresa, societą, fallimento. Nuova serie$v7 676 $a346.06626$v21$zita 700 1$aD'Ambrosio,$bCorrado$0525127 801 0$aIT$bUNINA$gRICA$2UNIMARC 901 $aBK 912 $a990009962480403321 952 $a13 CB 1012$bs.i.$fDDCP 959 $aDDCP 996 $aOfferta pubblica di acquisto$9823299 997 $aUNINA